| Tag |
First Indicator |
Second Indicator |
Subfields |
| LEADER |
00000pam a2200000 a 4500 |
| 001 |
in00000090643 |
| 005 |
20151008065730.0 |
| 008 |
820330s1982 dcua b 10100 eng |
| 010 |
|
|
|a 82006717
|
| 020 |
|
|
|a 0841207216
|
| 035 |
|
|
|a (OCoLC)08389577
|
| 035 |
|
|
|9 AAK6480AM
|
| 039 |
0 |
|
|a 2
|b 3
|c 3
|d 3
|e 3
|
| 040 |
|
|
|a DLC
|c DLC
|d TXA
|d UtOrBLW
|
| 049 |
|
|
|a TXAM
|c [1197202]
|
| 050 |
0 |
0 |
|a QD382 G7
|b G73 1982
|
| 082 |
0 |
|
|a 547.7/82
|2 19
|
| 245 |
0 |
0 |
|a Graft copolymerization of lignocellulosic fibers /
|c David N.-S. Hon, editor.
|
| 264 |
|
1 |
|a Washington, D.C. :
|b American Chemical Society,
|c 1982.
|
| 300 |
|
|
|a x, 381 pages :
|b illustrations ;
|c 24 cm.
|
| 336 |
|
|
|a text
|b txt
|2 rdacontent
|
| 337 |
|
|
|a unmediated
|b n
|2 rdamedia
|
| 338 |
|
|
|a volume
|b nc
|2 rdacarrier
|
| 490 |
1 |
|
|a ACS symposium series,
|x 0097-6156 ;
|v 187
|
| 500 |
|
|
|a "Based on a symposium sponsored by the ACS Division of Cellulose, Paper, and Textile Chemistry at the 182nd Meeting of the American Chemical Society, New York, New York, August 23-28, 1981."
|
| 504 |
|
|
|a Includes bibliographical references and index.
|
| 650 |
|
0 |
|a Graft copolymers
|x Congresses.
|
| 650 |
|
0 |
|a Cellulose
|v Congresses.
|
| 700 |
1 |
|
|a Hon, David N.-S.
|
| 710 |
2 |
|
|a American Chemical Society.
|b Cellulose, Paper, and Textile Division.
|
| 830 |
|
0 |
|a ACS symposium series ;
|v 187.
|
| 999 |
|
|
|a MARS
|
| 999 |
f |
f |
|s 3482a01f-9d4e-3cff-9b5b-0e29b9b63712
|i d87bccf2-84b9-365d-b221-dab9000ba111
|t 0
|
| 952 |
f |
f |
|p ric
|a Texas A&M University
|b Rellis Campus
|c Joint Library Facility
|d Remote Storage
|t 0
|e QD382.G7 G73 1982
|h Library of Congress classification
|i unmediated -- volume
|m A14806001140
|
| 998 |
f |
f |
|a QD382.G7 G73 1982
|t 0
|l Remote Storage
|